[Event "Montreal Mercredi 11"]
[Site "Montreal CAN"]
[Date "2007.12.12"]
[Round "4"]
[White "Cote, Philippe"]
[Black "Robillard, Guillaume"]
[Result "1-0"]
[WhiteElo "1725"]
[BlackElo "1686"]
[PlyCount "47"]
[GameId "2160767910566037"]
[EventDate "2007.11.21"]
[EventType "swiss"]
[EventRounds "5"]
[EventCountry "CAN"]
[SourceTitle "EXT 2022"]
[Source "ChessBase"]
[SourceDate "2021.10.06"]
[SourceVersion "1"]
[SourceVersionDate "2021.10.06"]
[SourceQuality "1"]

1. e4 c5 2. Nf3 d6 3. d4 cxd4 4. Nxd4 Nf6 5. Nc3 a6 6. Bc4 e6 7. Bb3 Nbd7 8. f4 Qc7 9. f5 Nc5 10. fxe6 fxe6 11. Qf3 Be7 12. Qg3 Bd7 13. O-O Rg8 14. Nf5 Nxb3 15. Nxe7 Nxa1 16. Nxg8 Nxg8 17. Qxg7 O-O-O 18. Bg5 Qb6+ 19. Kh1 Re8 20. Rxa1 Qxb2 21. Rb1 Qxc2 22. Rc1 Qd3 23. Nd5+ Kb8 24. Qxd7 1-0

[Event "Montreal Mercredi 11"]
[Site "Montreal CAN"]
[Date "2007.12.12"]
[Round "4"]
[White "Forget, Luc"]
[Black "Ameur, Nadji"]
[Result "1-0"]
[WhiteElo "1987"]
[BlackElo "1673"]
[PlyCount "79"]
[GameId "2160767910566038"]
[EventDate "2007.11.21"]
[EventType "swiss"]
[EventRounds "5"]
[EventCountry "CAN"]
[SourceTitle "EXT 2022"]
[Source "ChessBase"]
[SourceDate "2021.10.06"]
[SourceVersion "1"]
[SourceVersionDate "2021.10.06"]
[SourceQuality "1"]

1. d4 d5 2. c4 c6 3. Nf3 Nf6 4. Qc2 e6 5. g3 Be7 6. Bg2 O-O 7. O-O Nbd7 8. Nc3 c5 9. cxd5 exd5 10. Rd1 c4 11. Bf4 Nb6 12. a4 Be6 13. a5 Nbd7 14. Ne5 Bb4 15. Qa4 Bxc3 16. bxc3 b6 17. Nc6 Qe8 18. Bd6 Kh8 19. Bxf8 Nxf8 20. Nb4 b5 21. Qc2 a6 22. e4 Qd7 23. exd5 Nxd5 24. Nxd5 Bxd5 25. Re1 Bxg2 26. Kxg2 Qd5+ 27. Qe4 Qxe4+ 28. Rxe4 Ne6 29. f4 g6 30. Rae1 Kg7 31. d5 Nc5 32. Re8 Ra7 33. R1e7 Rxe7 34. Rxe7 Kf6 35. d6 h5 36. Kf3 Na4 37. Re5 Nxc3 38. d7 b4 39. d8=Q+ Kg7 40. Re8 1-0

[Event "Montreal Mercredi 11"]
[Site "Montreal CAN"]
[Date "2007.12.12"]
[Round "4"]
[White "Guindon, Alex"]
[Black "Beaupre, Claude"]
[Result "1/2-1/2"]
[WhiteElo "1350"]
[BlackElo "1319"]
[PlyCount "114"]
[GameId "2160767910566039"]
[EventDate "2007.11.21"]
[EventType "swiss"]
[EventRounds "5"]
[EventCountry "CAN"]
[SourceTitle "EXT 2022"]
[Source "ChessBase"]
[SourceDate "2021.10.06"]
[SourceVersion "1"]
[SourceVersionDate "2021.10.06"]
[SourceQuality "1"]

1. d4 d5 2. Nf3 e6 3. Bf4 Bd6 4. Bg3 Nc6 5. e3 Bxg3 6. hxg3 Nf6 7. Bd3 Ne4 8. Nbd2 f5 9. Ne5 Nxe5 10. Bxe4 dxe4 11. dxe5 Qe7 12. Qe2 Bd7 13. Qh5+ Qf7 14. O-O-O Qxh5 15. Rxh5 O-O-O 16. Nb3 Be8 17. Rhh1 Rxd1+ 18. Rxd1 Bf7 19. f4 exf3 20. gxf3 Rd8 21. f4 Rxd1+ 22. Kxd1 Kd7 23. Nd4 c5 24. Nb5 a6 25. Nd6 Bh5+ 26. Kd2 Bf3 27. Kc3 b5 28. a3 Be4 29. b4 cxb4+ 30. axb4 Bf3 31. Kd4 Kc6 32. Ne8 Bh5 33. Nxg7 Bf7 34. e4 fxe4 35. c3 e3 36. Kxe3 Kd5 37. g4 h6 38. Kd3 Bg6+ 39. f5 exf5 40. gxf5 Bh7 41. e6 Kd6 42. e7 Kxe7 43. Ke4 Kf7 44. Nh5 Ke7 45. Ke5 Bg8 46. Kf4 Kd6 47. f6 Ke6 48. Kg4 Bf7 49. Nf4+ Kxf6 50. Nd3 h5+ 51. Kh4 Ke6 52. Nc5+ Kd5 53. Nxa6 Kc4 54. Nc7 Bg6 55. Kg5 h4 56. Kxh4 Bd3 57. Nxb5 Kxb5 1/2-1/2

[Event "Montreal Mercredi 11"]
[Site "Montreal CAN"]
[Date "2007.12.12"]
[Round "4"]
[White "Lemieux, Serge"]
[Black "Neumark-Gaudet, Zev"]
[Result "1-0"]
[WhiteElo "1536"]
[BlackElo "1428"]
[PlyCount "107"]
[GameId "2160767910566040"]
[EventDate "2007.11.21"]
[EventType "swiss"]
[EventRounds "5"]
[EventCountry "CAN"]
[SourceTitle "EXT 2022"]
[Source "ChessBase"]
[SourceDate "2021.10.06"]
[SourceVersion "1"]
[SourceVersionDate "2021.10.06"]
[SourceQuality "1"]

1. d4 d5 2. c4 e6 3. Nf3 Nf6 4. Bg5 Be7 5. Nc3 Nbd7 6. e3 h6 7. Bh4 O-O 8. Be2 c6 9. Qc2 Re8 10. Rc1 dxc4 11. Bxc4 Nb6 12. Bb3 Nbd5 13. O-O Nxc3 14. bxc3 Bd7 15. c4 c5 16. Ne5 Rc8 17. Bxf6 Bxf6 18. Nxd7 Qxd7 19. Ba4 Qc7 20. Bxe8 Rxe8 21. dxc5 Qxc5 22. Rfd1 Rc8 23. a4 Qc6 24. Rd3 a6 25. Kf1 b5 26. axb5 axb5 27. c5 b4 28. Qc4 Bc3 29. Rcxc3 bxc3 30. Rxc3 Ra8 31. f3 Ra5 32. Kf2 Ra4 33. Qb3 Ra5 34. Qb8+ Kh7 35. Qd6 Qxd6 36. cxd6 Rd5 37. Rc6 Kg6 38. e4 Rd4 39. Ke3 e5 40. d7+ f6 41. Rc7 f5 42. g3 Kf6 43. exf5 Kxf5 44. g4+ Ke6 45. f4 Rxd7 46. Rxd7 Kxd7 47. fxe5 Ke7 48. Ke4 Ke6 49. h4 g6 50. Kf4 h5 51. gxh5 gxh5 52. Ke4 Ke7 53. Kf5 Kf7 54. Kg5 1-0

[Event "Montreal Mercredi 11"]
[Site "Montreal CAN"]
[Date "2007.12.12"]
[Round "4"]
[White "Marquis, Gerald"]
[Black "Bergeron, Rene"]
[Result "1-0"]
[WhiteElo "1516"]
[BlackElo "1521"]
[PlyCount "110"]
[GameId "2160767910566041"]
[EventDate "2007.11.21"]
[EventType "swiss"]
[EventRounds "5"]
[EventCountry "CAN"]
[SourceTitle "EXT 2022"]
[Source "ChessBase"]
[SourceDate "2021.10.06"]
[SourceVersion "1"]
[SourceVersionDate "2021.10.06"]
[SourceQuality "1"]

1. e4 e5 2. Nf3 Nf6 3. Nxe5 d6 4. Nf3 Nxe4 5. d4 d5 6. Bd3 Bg4 7. O-O Be7 8. Nc3 Nxc3 9. bxc3 O-O 10. Re1 Nd7 11. c4 Bb4 12. Re3 dxc4 13. Bxc4 Nb6 14. Bd3 Nd5 15. Re5 Bc3 16. Rb1 Bxd4 17. Bxh7+ Kxh7 18. Qxd4 Bxf3 19. gxf3 Nb6 20. Rh5+ Kg8 21. Qe4 g6 22. Rh3 Re8 23. Bb2 Qg5+ 24. Kh1 f6 25. Qxb7 Qf5 26. Kg2 Nd5 27. Bc1 a6 28. c4 Nf4+ 29. Bxf4 Qxf4 30. Qd5+ Kf8 31. Rh7 Qg5+ 32. Qxg5 fxg5 33. Rxc7 Rec8 34. Rbb7 Rxc7 35. Rxc7 a5 36. Kg3 a4 37. Kg4 Ra5 38. f4 gxf4 39. Kxf4 Rf5+ 40. Ke3 Ke8 41. Ra7 Re5+ 42. Kd3 Rf5 43. Ke3 Re5+ 44. Kd3 Rf5 45. Rxa4 Rxf2 46. h4 Rf4 47. Ra8+ Kf7 48. Rc8 Rxh4 49. c5 Ke7 50. c6 Ra4 51. c7 Ra3+ 52. Ke4 Ra4+ 53. Kf3 Ra3+ 54. Kg4 Ra4+ 55. Kg5 Ra5+ 1-0

[Event "Montreal Mercredi 11"]
[Site "Montreal CAN"]
[Date "2007.12.12"]
[Round "4"]
[White "Millette, Sylvain"]
[Black "Turcotte, Jonathan"]
[Result "1-0"]
[WhiteElo "1662"]
[BlackElo "1524"]
[PlyCount "59"]
[GameId "2160767910566042"]
[EventDate "2007.11.21"]
[EventType "swiss"]
[EventRounds "5"]
[EventCountry "CAN"]
[SourceTitle "EXT 2022"]
[Source "ChessBase"]
[SourceDate "2021.10.06"]
[SourceVersion "1"]
[SourceVersionDate "2021.10.06"]
[SourceQuality "1"]

1. Nf3 Nf6 2. b3 e6 3. c4 b6 4. g3 Bb7 5. Bg2 Be7 6. O-O O-O 7. Qc2 c5 8. Bb2 d6 9. Ng5 Bxg2 10. Bxf6 g6 11. Bxe7 Qxe7 12. Nxh7 Qb7 13. e4 Bxe4 14. Nf6+ Kg7 15. Nxe4 d5 16. cxd5 exd5 17. Qc3+ d4 18. Qf3 Nd7 19. d3 Rae8 20. Nbd2 Re5 21. Nd6 Qb8 22. N2c4 Re6 23. Ne4 b5 24. Ncd2 Ne5 25. Qf4 Qb6 26. Ng5 Re7 27. Rfe1 Nxd3 28. Rxe7 Nxf4 29. gxf4 Qd6 30. Rxa7 1-0

[Event "Montreal Mercredi 11"]
[Site "Montreal CAN"]
[Date "2007.12.19"]
[Round "5"]
[White "Antoine, Vladimir"]
[Black "Forget, Luc"]
[Result "0-1"]
[WhiteElo "1612"]
[BlackElo "1987"]
[PlyCount "78"]
[GameId "2160767910566043"]
[EventDate "2007.11.21"]
[EventType "swiss"]
[EventRounds "5"]
[EventCountry "CAN"]
[SourceTitle "EXT 2022"]
[Source "ChessBase"]
[SourceDate "2021.10.06"]
[SourceVersion "1"]
[SourceVersionDate "2021.10.06"]
[SourceQuality "1"]

1. e4 e5 2. Nf3 Nc6 3. Bb5 a6 4. Ba4 Nf6 5. O-O Be7 6. Qe2 b5 7. Bb3 O-O 8. a4 b4 9. c3 d6 10. d4 exd4 11. cxd4 Na5 12. Bc2 h6 13. Nbd2 Re8 14. e5 dxe5 15. dxe5 Bf8 16. Rd1 c6 17. Nc4 Nd5 18. Ne3 g6 19. Nxd5 cxd5 20. Bf4 Be6 21. Qd2 Kh7 22. b3 Rc8 23. Rac1 Rc3 24. h4 Nxb3 25. Bxb3 Rxb3 26. h5 Qd7 27. Nd4 Rc3 28. hxg6+ fxg6 29. Rxc3 bxc3 30. Qxc3 Qxa4 31. Ra1 Qc4 32. Qxc4 dxc4 33. Rxa6 Bd5 34. Ra7+ Bg7 35. Bg3 Kg8 36. f4 Rc8 37. f5 gxf5 38. Nxf5 Bf8 39. Bf4 Bc5+ 0-1

[Event "Montreal Mercredi 11"]
[Site "Montreal CAN"]
[Date "2007.12.19"]
[Round "5"]
[White "Casaubon, Yves"]
[Black "Luo, Zhao Yang"]
[Result "1-0"]
[WhiteElo "1282"]
[BlackElo "1055"]
[PlyCount "95"]
[GameId "2160767910566044"]
[EventDate "2007.11.21"]
[EventType "swiss"]
[EventRounds "5"]
[EventCountry "CAN"]
[SourceTitle "EXT 2022"]
[Source "ChessBase"]
[SourceDate "2021.10.06"]
[SourceVersion "1"]
[SourceVersionDate "2021.10.06"]
[SourceQuality "1"]

1. e4 e5 2. Nf3 Nc6 3. d4 exd4 4. Nxd4 Qf6 5. c3 Bc5 6. Be3 Nge7 7. f3 O-O 8. Qd2 h6 9. Be2 Rd8 10. O-O d5 11. Nxc6 Bxe3+ 12. Qxe3 Qxc6 13. e5 Ng6 14. f4 Bf5 15. Nd2 Re8 16. g4 Bd7 17. h3 f6 18. Nf3 f5 19. Nd4 Qb6 20. b3 fxg4 21. Bxg4 Bxg4 22. hxg4 Re7 23. Nf5 Qxe3+ 24. Nxe3 c6 25. Rae1 Rf7 26. Nf5 b6 27. Re2 h5 28. gxh5 Rxf5 29. hxg6 Rh5 30. Rg2 Re8 31. Rf3 Re6 32. Kf2 Rh1 33. Rfg3 Ra1 34. Kf3 c5 35. Rg5 Rc1 36. Rh2 Rxc3+ 37. Kg4 d4 38. Kf5 Rc6 39. Rgh5 Kf8 40. Rh8+ Ke7 41. R2h7 Rxg6 42. Kxg6 Rg3+ 43. Kf5 d3 44. Rg8 Kf7 45. Rd8 b5 46. e6+ Ke7 47. Rd7+ Kf8 48. Rh8# 1-0

[Event "Montreal Mercredi 11"]
[Site "Montreal CAN"]
[Date "2007.12.19"]
[Round "5"]
[White "Charbonneau, Olivier"]
[Black "Pilon, Denis"]
[Result "1-0"]
[WhiteElo "1236"]
[BlackElo "1289"]
[PlyCount "53"]
[GameId "2160767910566045"]
[EventDate "2007.11.21"]
[EventType "swiss"]
[EventRounds "5"]
[EventCountry "CAN"]
[SourceTitle "EXT 2022"]
[Source "ChessBase"]
[SourceDate "2021.10.06"]
[SourceVersion "1"]
[SourceVersionDate "2021.10.06"]
[SourceQuality "1"]

1. d4 d5 2. c4 e6 3. cxd5 exd5 4. Nf3 Nf6 5. Bg5 Be7 6. Nc3 O-O 7. e3 b6 8. Qc2 c5 9. dxc5 bxc5 10. Rd1 Bb7 11. Bd3 Nbd7 12. O-O Rc8 13. Bf5 d4 14. exd4 Bxf3 15. gxf3 Kh8 16. dxc5 Rxc5 17. Bxf6 Bxf6 18. Rxd7 Qe8 19. Rxa7 Qe5 20. Bh3 Qf4 21. Qe4 Qh6 22. Ra8 Kg8 23. Rxf8+ Kxf8 24. Qa8+ Ke7 25. Rd1 Qxh3 26. Qd8+ Ke6 27. Qd7+ 1-0

[Event "Montreal Mercredi 11"]
[Site "Montreal CAN"]
[Date "2007.12.19"]
[Round "5"]
[White "Coupal, Gerald"]
[Black "Guindon, Alex"]
[Result "0-1"]
[WhiteElo "1316"]
[BlackElo "1350"]
[PlyCount "66"]
[GameId "2160767910566047"]
[EventDate "2007.11.21"]
[EventType "swiss"]
[EventRounds "5"]
[EventCountry "CAN"]
[SourceTitle "EXT 2022"]
[Source "ChessBase"]
[SourceDate "2021.10.06"]
[SourceVersion "1"]
[SourceVersionDate "2021.10.06"]
[SourceQuality "1"]

1. e4 e5 2. Nc3 Nf6 3. Bc4 Nc6 4. Nf3 Bb4 5. d3 h6 6. O-O O-O 7. h3 d6 8. a3 Bxc3 9. bxc3 Be6 10. Ba2 Nd7 11. d4 Bxa2 12. Rxa2 f5 13. dxe5 fxe4 14. Qd5+ Kh8 15. Qxe4 Ndxe5 16. Nd4 Qd7 17. Nxc6 Qxc6 18. Qxc6 Nxc6 19. Rb2 b6 20. Be3 Ne5 21. Rb4 d5 22. Rd4 c6 23. Re1 Nc4 24. Bf4 Nxa3 25. Re7 Nxc2 26. Rd2 Rxf4 27. Rxc2 Kg8 28. Rce2 Rf7 29. R7e3 a5 30. Kf1 Kf8 31. Ke1 b5 32. Kd1 b4 33. cxb4 axb4 0-1

[Event "Montreal Mercredi 11"]
[Site "Montreal CAN"]
[Date "2007.12.19"]
[Round "5"]
[White "Neumark-Gaudet, Zev"]
[Black "Marquis, Gerald"]
[Result "0-1"]
[WhiteElo "1428"]
[BlackElo "1516"]
[PlyCount "68"]
[GameId "2160767910566048"]
[EventDate "2007.11.21"]
[EventType "swiss"]
[EventRounds "5"]
[EventCountry "CAN"]
[SourceTitle "EXT 2022"]
[Source "ChessBase"]
[SourceDate "2021.10.06"]
[SourceVersion "1"]
[SourceVersionDate "2021.10.06"]
[SourceQuality "1"]

1. Nh3 e5 2. g3 d5 3. Bg2 Nf6 4. d3 Bc5 5. O-O Be6 6. Bg5 h6 7. Be3 Bb6 8. c4 Qd7 9. Nd2 Bxh3 10. Bxb6 axb6 11. e4 Bxg2 12. Kxg2 dxe4 13. dxe4 Qc6 14. Qc2 Na6 15. a3 Nc5 16. Rfe1 O-O-O 17. b4 Rxd2 18. Qxd2 Ncxe4 19. Qc2 Rd8 20. Qc1 Ng5+ 21. Kf1 Qh1+ 22. Ke2 Qf3+ 23. Kf1 Nfe4 24. Ra2 Nh3 25. Qe3 Qxe3 26. Rxe3 Rd2 27. Rxd2 Nxd2+ 28. Kg2 Ng5 29. h4 Ne6 30. Rxe5 Nxc4 31. Rf5 f6 32. Rf3 Nd4 33. Rf4 c5 34. bxc5 bxc5 0-1

[Event "Montreal Mercredi 11"]
[Site "Montreal CAN"]
[Date "2007.12.19"]
[Round "5"]
[White "Robillard, Guillaume"]
[Black "Landry, Martin"]
[Result "1-0"]
[WhiteElo "1686"]
[BlackElo "1608"]
[PlyCount "59"]
[GameId "2160767910566049"]
[EventDate "2007.11.21"]
[EventType "swiss"]
[EventRounds "5"]
[EventCountry "CAN"]
[SourceTitle "EXT 2022"]
[Source "ChessBase"]
[SourceDate "2021.10.06"]
[SourceVersion "1"]
[SourceVersionDate "2021.10.06"]
[SourceQuality "1"]

1. e4 c5 2. Nf3 d6 3. Nc3 e6 4. d4 cxd4 5. Nxd4 Nc6 6. Be3 Nf6 7. f3 Be7 8. g4 g6 9. Qd2 Bd7 10. O-O-O Rc8 11. g5 Nh5 12. Ndb5 d5 13. exd5 Ne5 14. d6 Bc6 15. dxe7 Qxd2+ 16. Rxd2 Nxf3 17. Nd6+ Kd7 18. Nxc8+ Nxd2 19. Bb5 Rxc8 20. Bxc6+ Rxc6 21. Rd1 Kxe7 22. Rxd2 a6 23. Bd4 Rc7 24. Ne4 Rd7 25. Bf6+ Nxf6 26. gxf6+ Kd8 27. Ng5 Rxd2 28. Kxd2 Kd7 29. Nxf7 Ke8 30. Nd6+ 1-0

[Event "Montreal Mercredi 11"]
[Site "Montreal CAN"]
[Date "2007.12.19"]
[Round "5"]
[White "Teasdale, Alain"]
[Black "Chesnut, Walter"]
[Result "0-1"]
[WhiteElo "1459"]
[BlackElo "1428"]
[PlyCount "54"]
[GameId "2160767910566050"]
[EventDate "2007.11.21"]
[EventType "swiss"]
[EventRounds "5"]
[EventCountry "CAN"]
[SourceTitle "EXT 2022"]
[Source "ChessBase"]
[SourceDate "2021.10.06"]
[SourceVersion "1"]
[SourceVersionDate "2021.10.06"]
[SourceQuality "1"]

1. e4 c5 2. Nf3 d6 3. d4 cxd4 4. Nxd4 Nf6 5. Nc3 a6 6. Be2 e5 7. Nb3 Be7 8. a4 Be6 9. Be3 Nbd7 10. O-O O-O 11. f4 Nb6 12. f5 Bxb3 13. cxb3 d5 14. exd5 Nbxd5 15. Bf2 Qa5 16. Be1 Ne3 17. Na2 Qc7 18. Rc1 Qb8 19. Qd3 Nxf1 20. Kxf1 e4 21. Qe3 Qxh2 22. Bg3 Nd5 23. Bxh2 Nxe3+ 24. Kg1 Rac8 25. g4 Rxc1+ 26. Nxc1 Rc8 27. Na2 Rc2 0-1

[Event "Montreal Mercredi 11"]
[Site "Montreal CAN"]
[Date "2007.12.19"]
[Round "5"]
[White "Tong, Tan Guang"]
[Black "Wensel, Jean"]
[Result "1-0"]
[WhiteElo "1330"]
[BlackElo "1308"]
[PlyCount "87"]
[GameId "2160767910566051"]
[EventDate "2007.11.21"]
[EventType "swiss"]
[EventRounds "5"]
[EventCountry "CAN"]
[SourceTitle "EXT 2022"]
[Source "ChessBase"]
[SourceDate "2021.10.06"]
[SourceVersion "1"]
[SourceVersionDate "2021.10.06"]
[SourceQuality "1"]

1. e4 e5 2. Nf3 Nf6 3. Nxe5 d6 4. Nf3 Nxe4 5. d4 d5 6. Bd3 Be7 7. O-O Nc6 8. Re1 Bg4 9. c3 f5 10. Nbd2 O-O 11. Nf1 Bh4 12. g3 Bg5 13. Ne3 h5 14. Nxg4 Bxc1 15. Qxc1 fxg4 16. Bxe4 dxe4 17. Ng5 Qd5 18. Rxe4 Rf5 19. c4 Qd7 20. Qd2 Ne5 21. Qe2 Rxg5 22. Rxe5 Rxe5 23. dxe5 Re8 24. Re1 b6 25. b3 c6 26. Qe4 a6 27. Re3 c5 28. Qd5+ Qxd5 29. cxd5 Kf7 30. Kf1 b5 31. Ke2 c4 32. bxc4 bxc4 33. Kd2 Rd8 34. d6 Ke6 35. Re4 Kd5 36. Ke3 c3 37. Kd3 c2 38. Re1 c1=Q 39. Rxc1 Kxe5 40. Rc5+ Ke6 41. Rxh5 Rxd6+ 42. Kc3 g6 43. Rg5 Kf6 44. Rxg4 1-0

[Event "Montreal Mercredi 11"]
[Site "Montreal CAN"]
[Date "2007.12.19"]
[Round "5"]
[White "Turcotte, Jonathan"]
[Black "Lemieux, Serge"]
[Result "1-0"]
[WhiteElo "1524"]
[BlackElo "1536"]
[PlyCount "117"]
[GameId "2160767910566053"]
[EventDate "2007.11.21"]
[EventType "swiss"]
[EventRounds "5"]
[EventCountry "CAN"]

1. Nf3 d5 2. d4 Nf6 3. c4 e6 4. Nc3 c6 5. Bg5 Nbd7 6. e3 Be7 7. Qc2 h6 8. Bh4 Nh5 9. Bxe7 Qxe7 10. Bd3 dxc4 11. Bxc4 b5 12. Bd3 Bb7 13. O-O a6 14. a4 O-O 15. Ne4 Nhf6 16. Rfc1 Rfc8 17. Nc5 Nb6 18. e4 Qc7 19. Nd2 Nbd7 20. e5 Nxc5 21. Qxc5 Nd5 22. Ne4 Nf4 23. Bf1 Rd8 24. Nd6 Rxd6 25. exd6 Qd7 26. axb5 cxb5 27. Qc7 Rd8 28. Qxd7 Rxd7 29. Rc7 Rxc7 30. dxc7 Nd5 31. Rc1 Bc8 32. Rc6 Kf8 33. Rd6 Ke7 34. Rd8 Nb6 35. Be2 Bd7 36. Bf3 Kd6 37. Rf8 Kxc7 38. Rxf7 a5 39. Rxg7 a4 40. Be2 Nc4 41. Bxc4 bxc4 42. Rg3 Kc6 43. Kf1 Kd5 44. Ke2 Kxd4 45. Rc3 h5 46. Kf3 e5 47. Kg3 e4 48. Kh4 Bg4 49. h3 Bd1 50. g4 hxg4 51. hxg4 Be2 52. Kh5 Ke5 53. Kg5 Bd3 54. Kh6 Kf4 55. g5 Kf5 56. g6 Kf6 57. Ra3 Bc2 58. g7 Kf7 59. Kh7 1-0

[Event "Myriam Roy II"]
[Site "Montreal CAN"]
[Date "2007.08.23"]
[Round "1"]
[White "Arsenault, Nicolas"]
[Black "Roy, Myriam"]
[Result "1-0"]
[WhiteElo "2191"]
[BlackElo "1925"]
[PlyCount "71"]
[GameId "2160767910579786"]
[EventDate "2007.08.23"]
[EventType "tourn"]
[EventRounds "7"]
[EventCountry "CAN"]
[SourceTitle "EXT 2022"]
[Source "ChessBase"]
[SourceDate "2021.10.06"]
[SourceVersion "1"]
[SourceVersionDate "2021.10.06"]
[SourceQuality "1"]

1. e4 e5 2. Nc3 Nf6 3. f4 d6 4. Nf3 exf4 5. d4 Bg4 6. Be2 Nh5 7. O-O g5 8. Nh4 Bxe2 9. Qxe2 Ng7 10. Nf5 Nc6 11. Nd5 Ne6 12. c3 h6 13. b4 Kd7 14. Bb2 Ne7 15. c4 Nxd5 16. cxd5 Ng7 17. Qb5+ Kc8 18. Nxg7 Bxg7 19. a4 Re8 20. Qd3 Qd7 21. b5 Qe7 22. Rae1 a6 23. b6 cxb6 24. e5 dxe5 25. dxe5 Kb8 26. d6 Qd7 27. Qb3 f6 28. exf6 Bf8 29. Rxe8+ Qxe8 30. Rd1 Qe3+ 31. Qxe3 fxe3 32. d7 Kc7 33. Be5+ Kd8 34. Kf1 Bc5 35. f7 Ke7 36. Bc7 1-0

[Event "Myriam Roy II"]
[Site "Montreal CAN"]
[Date "2007.08.23"]
[Round "1"]
[White "Le Duin, Thierry"]
[Black "Libersan, Thierry"]
[Result "1/2-1/2"]
[WhiteElo "2082"]
[BlackElo "2027"]
[PlyCount "94"]
[GameId "2160767910579788"]
[EventDate "2007.08.23"]
[EventType "tourn"]
[EventRounds "7"]
[EventCountry "CAN"]
[SourceTitle "EXT 2022"]
[Source "ChessBase"]
[SourceDate "2021.10.06"]
[SourceVersion "1"]
[SourceVersionDate "2021.10.06"]
[SourceQuality "1"]

1. d4 d6 2. c4 g6 3. Nc3 Bg7 4. e4 Nf6 5. Bd3 O-O 6. f3 Nc6 7. Be3 Nd7 8. Nge2 e5 9. d5 Nd4 10. Bc2 Nxe2 11. Nxe2 f5 12. Qd2 a6 13. Bg5 Qe8 14. Ba4 b5 15. cxb5 Nc5 16. Bc2 fxe4 17. Bxe4 Nxe4 18. fxe4 axb5 19. Rf1 c5 20. Rf2 b4 21. Kf1 Rxf2+ 22. Kxf2 Ba6 23. Ng3 Bc4 24. a3 h6 25. Be3 Kh7 26. Qc1 Qb5 27. axb4 Rxa1 28. Qxa1 Qxb4 29. Qa3 Qb5 30. Bd2 h5 31. h4 Qb3 32. Qxb3 Bxb3 33. Bg5 Bf8 34. Ne2 Ba4 35. Nc3 Bd7 36. Ke3 Bh6 37. Bxh6 Kxh6 38. Kd3 g5 39. g3 gxh4 40. gxh4 Kg6 41. Kc4 Kf6 42. b4 cxb4 43. Kxb4 Ke7 44. Ka5 Bg4 45. Kb6 Kd7 46. Kb7 Bf3 47. Kb6 Bg2 1/2-1/2

[Event "Myriam Roy II"]
[Site "Montreal CAN"]
[Date "2007.08.24"]
[Round "2"]
[White "Roy, Myriam"]
[Black "Le Duin, Thierry"]
[Result "0-1"]
[WhiteElo "1925"]
[BlackElo "2082"]
[PlyCount "82"]
[GameId "2160767910579793"]
[EventDate "2007.08.23"]
[EventType "tourn"]
[EventRounds "7"]
[EventCountry "CAN"]
[SourceTitle "EXT 2022"]
[Source "ChessBase"]
[SourceDate "2021.10.06"]
[SourceVersion "1"]
[SourceVersionDate "2021.10.06"]
[SourceQuality "1"]

1. e4 d5 2. exd5 Nf6 3. d4 Bg4 4. Nf3 Qxd5 5. Be2 e6 6. c4 Qh5 7. Qb3 b6 8. h3 Nbd7 9. Nc3 Bd6 10. Nb5 O-O 11. Nxd6 cxd6 12. Bf4 e5 13. Bh2 e4 14. Ng1 Bxe2 15. Nxe2 d5 16. Nf4 dxc4 17. Qxc4 Qg5 18. O-O b5 19. Qe2 Nb6 20. Rac1 Rac8 21. Rfd1 a6 22. Qd2 Rxc1 23. Rxc1 Nc4 24. Qe2 Qf5 25. b3 Nb6 26. a4 Rc8 27. Rxc8+ Qxc8 28. axb5 Qc1+ 29. Qf1 Qxf1+ 30. Kxf1 axb5 31. Ke2 Nfd5 32. Nxd5 Nxd5 33. Bd6 f5 34. f3 Kf7 35. Be5 g6 36. fxe4 fxe4 37. g3 Ke6 38. Bf4 Nxf4+ 39. gxf4 Kd5 40. Ke3 b4 41. h4 h5 0-1

[Event "Myriam Roy II"]
[Site "Montreal CAN"]
[Date "2007.08.25"]
[Round "3"]
[White "Arsenault, Nicolas"]
[Black "Malveau, Cedric"]
[Result "1-0"]
[WhiteElo "2191"]
[BlackElo "2063"]
[PlyCount "165"]
[GameId "2160767910579794"]
[EventDate "2007.08.23"]
[EventType "tourn"]
[EventRounds "7"]
[EventCountry "CAN"]
[SourceTitle "EXT 2022"]
[Source "ChessBase"]
[SourceDate "2021.10.06"]
[SourceVersion "1"]
[SourceVersionDate "2021.10.06"]
[SourceQuality "1"]

1. e4 c5 2. Nf3 d6 3. d4 cxd4 4. Nxd4 Nf6 5. Nc3 a6 6. Be3 e5 7. Nb3 Be6 8. f3 Nbd7 9. g4 h6 10. Qd2 b5 11. O-O-O Nb6 12. Qf2 Rb8 13. Kb1 Nc4 14. Bxc4 bxc4 15. Nc5 Qa5 16. N5a4 Nd7 17. h4 Be7 18. g5 h5 19. g6 f6 20. Qd2 Rb4 21. b3 cxb3 22. cxb3 O-O 23. Nd5 Bxd5 24. Qxd5+ Qxd5 25. Rxd5 f5 26. Bd2 Rb7 27. Ra5 fxe4 28. fxe4 Rf2 29. Bg5 Nf6 30. Re1 Ne8 31. Bxe7 Rxe7 32. Rxa6 Rf6 33. Ra8 Rxg6 34. Nc3 Kf7 35. Nd5 Rb7 36. Rd8 Rg4 37. Rf1+ Nf6 38. Rxd6 Rxe4 39. Nxf6 gxf6 40. Rfxf6+ Ke7 41. Rfe6+ Kf7 42. Rh6 Rbb4 43. Rh7+ Kg8 44. Rxh5 Rxh4 45. Rxe5 Rh2 46. Red5 Rg4 47. Rd2 Rh3 48. Kb2 Kf7 49. R6d3 Rhh4 50. Kc3 Rg1 51. Rd1 Rg2 52. R3d2 Rg3+ 53. Kb2 Rhh3 54. Rc1 Ke7 55. Rdc2 Rg4 56. a3 Kd7 57. b4 Rgg3 58. Rc3 Rg2+ 59. R1c2 Rxc3 60. Kxc3 Rg3+ 61. Kb2 Kd6 62. Rc3 Rg1 63. a4 Rg2+ 64. Kb3 Rg1 65. a5 Ra1 66. Kc4 Kc7 67. Kb5+ Kb7 68. Rh3 Rg1 69. Rh7+ Ka8 70. a6 Rg5+ 71. Kb6 Rg6+ 72. Ka5 Rg5+ 73. b5 Rf5 74. Rc7 Rh5 75. Kb6 Rh6+ 76. Rc6 Rh8 77. Rc5 Kb8 78. Rg5 Ka8 79. Ka5 Kb8 80. b6 Ka8 81. a7 Kb7 82. Rg7+ Kc6 83. b7 1-0

[Event "Myriam Roy II"]
[Site "Montreal CAN"]
[Date "2007.08.25"]
[Round "3"]
[White "Libersan, Thierry"]
[Black "Roy, Myriam"]
[Result "1-0"]
[WhiteElo "2027"]
[BlackElo "1925"]
[PlyCount "37"]
[GameId "2160767910579797"]
[EventDate "2007.08.23"]
[EventType "tourn"]
[EventRounds "7"]
[EventCountry "CAN"]
[SourceTitle "EXT 2022"]
[Source "ChessBase"]
[SourceDate "2021.10.06"]
[SourceVersion "1"]
[SourceVersionDate "2021.10.06"]
[SourceQuality "1"]

1. d4 d5 2. c4 c6 3. Nf3 Nf6 4. Nc3 dxc4 5. a4 Bf5 6. e3 Nbd7 7. Bxc4 Qc7 8. O-O e5 9. Qb3 Bg6 10. dxe5 Ng4 11. Bxf7+ Bxf7 12. e6 Bg6 13. exd7+ Qxd7 14. Rd1 Bd6 15. Qc4 h5 16. h3 Nf6 17. e4 Bf7 18. Qf1 Bb3 19. Rd2 1-0